[Event "Crema op 22nd"]
[Site "Crema"]
[Date "2022.09.11"]
[Round "6"]
[White "Merusi, Luigi"]
[Black "Turcatti, Mauro"]
[Result "1/2-1/2"]
[WhiteElo "1616"]
[BlackElo "1562"]
[PlyCount "107"]
[EventDate "2022.09.09"]
[EventType "swiss"]
[EventRounds "6"]
[EventCountry "ITA"]
[SourceTitle "CBM 210 Extra"]
[Source "ChessBase"]
[SourceDate "2022.11.30"]
[SourceVersion "1"]
[SourceVersionDate "2022.11.30"]
[SourceQuality "1"]

1. e4 c6 2. Nc3 d5 3. Nf3 dxe4 4. Nxe4 Nf6 5. Qe2 Nxe4 6. Qxe4 Qa5 7. Bc4 Bf5 8. Qf4 e6 9. c3 Be7 10. 0-0 Nd7 11. d4 0-0 12. Re1 Qd8 13. Bb3 Bg6 14. Kh1 Qb8 15. Qxb8 Raxb8 16. Bf4 Rbe8 17. Ng5 Bxg5 18. Bxg5 Nf6 19. Bxf6 gxf6 20. Re3 Rd8 21. f4 Bf5 22. g4 Bg6 23. Rae1 Rd7 24. Kg2 Kg7 25. Kf2 h6 26. Rg3 f5 27. gxf5 exf5 28. h4 Kf6 29. Bc2 Rd5 30. Rge3 Rd7 31. Re5 Rfd8 32. h5 Bh7 33. Re8 Rxe8 34. Rxe8 Re7 35. Rxe7 Kxe7 36. Ke3 Kd6 37. Bb3 Bg8 38. a4 b6 39. Bc4 Ke7 40. b4 Kd6 41. Kd3 Ke7 42. d5 c5 43. bxc5 bxc5 44. Bb3 Kd6 45. Kc4 a6 46. Kd3 f6 47. c4 Bf7 48. Bd1 a5 49. Ke3 Be8 50. Kf2 Ke7 51. Kg3 Bd7 52. Kh4 Kd6 53. Bc2 Ke7 54. Bd1 1/2-1/2

[Event "Crema op 22nd"]
[Site "Crema"]
[Date "2022.09.10"]
[Round "3"]
[White "Merusi, Luigi"]
[Black "Alessi, Clio"]
[Result "1-0"]
[WhiteElo "1616"]
[BlackElo "1413"]
[PlyCount "107"]
[EventDate "2022.09.09"]
[EventType "swiss"]
[EventRounds "6"]
[EventCountry "ITA"]
[SourceTitle "CBM 210 Extra"]
[Source "ChessBase"]
[SourceDate "2022.11.30"]
[SourceVersion "1"]
[SourceVersionDate "2022.11.30"]
[SourceQuality "1"]

1. e4 e5 2. Nf3 d5 3. Nxe5 Bd6 4. d4 dxe4 5. Bc4 Bxe5 6. Qh5 Qf6 7. Qxe5+ Qxe5 8. dxe5 Nc6 9. Bf4 Nge7 10. Nc3 Ng6 11. Bg3 Ncxe5 12. Bb3 Bd7 13. 0-0-0 0-0-0 14. Nxe4 Bc6 15. f3 Bxe4 16. fxe4 f6 17. Be6+ Kb8 18. Rd5 c6 19. Rxd8+ Rxd8 20. Rd1 Rxd1+ 21. Kxd1 Kc7 22. Ke2 Kb6 23. Bg8 h6 24. h3 Ne7 25. Be6 Kc5 26. Ke3 Nc4+ 27. Bxc4 Kxc4 28. Bd6 Nc8 29. Bf8 g6 30. Bxh6 Nd6 31. Bf8 Ne8 32. g4 Kb5 33. Kf4 Nc7 34. Be7 Ne6+ 35. Ke3 Ng5 36. e5 Nxh3 37. exf6 Ng5 38. Kf4 Nf7 39. Ke4 a5 40. Kd4 b6 41. c4+ Ka6 42. a4 Kb7 43. c5 Kc7 44. cxb6+ Kxb6 45. b3 g5 46. Bf8 Kc7 47. Ke4 Kd7 48. Kf5 Ke8 49. Be7 Kd7 50. Kg6 Ke6 51. b4 axb4 52. Bxb4 Ne5+ 53. Kxg5 Nxg4 54. Kxg4 1-0

[Event "Crema op 22nd"]
[Site "Crema"]
[Date "2022.09.09"]
[Round "1"]
[White "Martino, Antonio M"]
[Black "Merusi, Luigi"]
[Result "1-0"]
[WhiteElo "1931"]
[BlackElo "1616"]
[PlyCount "55"]
[EventDate "2022.09.09"]
[EventType "swiss"]
[EventRounds "6"]
[EventCountry "ITA"]
[SourceTitle "CBM 210 Extra"]
[Source "ChessBase"]
[SourceDate "2022.11.30"]
[SourceVersion "1"]
[SourceVersionDate "2022.11.30"]
[SourceQuality "1"]

1. c4 Nf6 2. g3 g6 3. Bg2 Bg7 4. Nc3 0-0 5. e4 d6 6. Nge2 c5 7. 0-0 Nc6 8. d3 Rb8 9. h3 a6 10. a4 Bd7 11. Be3 Qa5 12. Qd2 Be6 13. f4 Bd7 14. g4 Qd8 15. f5 b6 16. Bh6 Ne5 17. Bxg7 Kxg7 18. g5 Nh5 19. Nd5 e6 20. f6+ Kh8 21. Ndf4 Nxf4 22. Rxf4 b5 23. Rh4 h5 24. Ng3 bxc4 25. Rxh5+ gxh5 26. g6 Qxf6 27. Qh6+ Kg8 28. Qh7# 1-0